000 00396nam a2200133Ia 4500
005 20260326100038.0
008 260326s9999||||xx |||||||||||||| ||und||
100 _aVillagarcía, Luis Ignacio
245 0 _aGonzálo Villa Chávez :
_b Arquitecto, restaurador y acuarelista /
_cLuis Ignacio Villagarcía
260 _bUniversidad de Colima
300 _a230 p.
650 _aARQUITECTOS
942 _cBK
999 _c6916
_d6916